000 00968nam a2200229Ia 4500
005 20260430150804.0
008 008 250103s9999 xx 000 0 hin d
037 _aTheses
040 _aCRL
040 _bhin
040 _chin
041 _2hin
041 _ahin
084 _qCRL
100 _aसुमित कुमार, ले.
_9868837
245 0 _aमाॅरीशस में आप्रवासी जीवन के प्रश्न और रामदेव धुरंधर का कथा साहित्य: ‘पथरीला सोना’ तथा ‘छोटी मछली बड़ी मछली’ उपन्यासों के विशेष संदर्भ में
260 _c2022
300 _a272पृ0
700 _aदिल्ली विश्वविद्यालय. कला संकाय. हिन्दी विभाग
942 _cTH
999 _c1850785
_d1850785